| 000 | 00475cas a2200133 4500 | ||
|---|---|---|---|
| 008 | 100827n eng u | ||
| 035 | _a(Sirsi) a171049 | ||
| 050 |
_aUN HC415.15: _bESC 2009 |
||
| 245 |
_aEconomic and Social Commission for Western Asia : _bAnnual report 2005: _bA Year in Review |
||
| 260 |
_aBeirut: _bEconomic and Social Commission for Western Asia, _c2005 |
||
| 300 |
_a61p.: _bill. |
||
| 504 | _a | ||
| 710 | _aEconomic and Social Commission for Western Asia | ||
| 999 |
_c114772 _d114772 |
||